[Event "World Junior U20 Open 2018"]
[Site "Gebze"]
[Date "2018.09.11"]
[Round "7.73"]
[White "Akin, Kadir"]
[Black "Sezdbekov, Ruslan"]
[Result "1-0"]
[WhiteElo "1974"]
[BlackElo "2160"]
[Annotator "TA"]
[PlyCount "51"]
[EventDate "2018.09.05"]
[EventType "swiss"]
[EventCountry "TUR"]
[SourceTitle "playchess.com"]
[Source "ChessBase"]
[SourceQuality "1"]

{[%evp 14,51,30,24,31,27,31,33,59,50,47,41,49,42,33,25,47,40,47,26,39,23,26,21,40,39,137,129,181,-225,220,161,785,784,776,778,862,854,787,780]} 1. e4 e5 2. Nf3 Nf6 3. Nxe5 d6 4. Nf3 Nxe4 5. Nc3 Nxc3 6. dxc3 Be7 7. Be3 Be6 {C42: Petroff Defence: 3 Nxe5 and unusual White 3rd moves} (7... Nc6 8. Bc4 O-O 9. Qd2 Bf5 10. O-O-O Qd7 11. Kb1 Rfe8 12. h4 Bf8 13. h5 h6 14. Be2 Bg4 15. Nh2 Bxe2 16. Qxe2 {½-½ (41) Carlsen,M (2842)-Caruana,F (2822) Saint Louis 2018}) 8. Qd2 {LiveBook: 5 Games} O-O 9. Bd3 Nd7 {White has an edge.} 10. O-O-O c5 ({Not} 10... Bxa2 $2 11. b3 $18) 11. Ng5 $146 ({Predecessor:} 11. Kb1 a5 12. Ng5 Bxg5 13. Bxg5 Qb6 14. Be7 Rfc8 15. Bxd6 a4 {1-0 (56) Eschholz,D (1462)-Vogt,J (1022) Magdeburg 2012}) 11... Bxg5 12. Bxg5 Qa5 13. a3 Rfe8 14. f4 f6 15. Bh4 Bf7 16. g4 c4 17. Be2 Nc5 18. Bf3 Qb5 {[#] Strongly threatening ...Na4.} 19. Qxd6 {Hoping for Rhe1.} Re6 (19... Re3 $14 20. Bd5 Nd3+ 21. cxd3 Bxd5 22. dxc4 Bxc4) 20. Qc7 $16 {Black must now prevent Rd5.} Rae8 (20... Rf8 $16) 21. Bf2 $4 {[%mdl 8192]} (21. Rhe1 $18 {and all is fine.}) 21... b6 $4 {[%mdl 8192]} (21... Na4 $19 22. b4 cxb3) 22. Bxc5 bxc5 $2 {[#]} (22... Qxc5 23. Qxc5 bxc5) 23. Rd7 $18 {White is clearly winning.} Qb6 24. Rxf7 Re1+ 25. Rxe1 Rxe1+ 26. Bd1 {Precision: White = 51%, Black = 30%.} 1-0

[Event "World Junior U20 Open 2018"]
[Site "Gebze"]
[Date "2018.09.11"]
[Round "7.74"]
[White "Erdogan, Anil Berk"]
[Black "Dedebas, Emre Emin"]
[Result "1/2-1/2"]
[WhiteElo "2083"]
[BlackElo "2334"]
[Annotator "TA"]
[PlyCount "38"]
[EventDate "2018.09.05"]
[EventType "swiss"]
[EventCountry "TUR"]
[SourceTitle "playchess.com"]
[Source "ChessBase"]
[SourceQuality "1"]

{[%evp 23,38,25,16,14,20,26,23,12,28,-26,39,-66,66,-20,66,-64,66]} 1. e4 c5 2. Nf3 Nc6 3. d4 cxd4 4. Nxd4 Qb6 5. Nb3 Nf6 6. Nc3 e6 7. Be3 Qc7 8. a3 a6 {B33: Sicilian: Pelikan and Sveshnikov Variations} 9. g3 {[%cal Bg2g3,Bg3g4,Bg4g5][%mdl 32]} d6 10. f4 b5 11. Bg2 Bb7 12. O-O Be7 {LiveBook: 4 Games} 13. Qe2 O-O 14. g4 {[#]} Nd7 $146 15. g5 Rfe8 16. Nd4 (16. Rfd1 $142) 16... Na5 (16... Nxd4 $11 17. Bxd4 e5 18. fxe5 dxe5) 17. Nb3 (17. f5 $14) 17... Nc6 ({Black should play} 17... Nc4 $15 18. Bc1 Rac8) 18. Nd4 ({White should try} 18. Qf2 $14) 18... Na5 (18... Nxd4 $11 19. Bxd4 e5 20. fxe5 dxe5) 19. Nb3 (19. f5 $1 $14) 19... Nc6 {Precision: White = 20%, Black =  3%.} (19... Nc4 $15 20. Bc1 Qb6+ 21. Kh1 Rac8) 1/2-1/2

[Event "World Junior U20 Open 2018"]
[Site "Gebze"]
[Date "2018.09.11"]
[Round "7.75"]
[White "Caglar, Ahmet Ata"]
[Black "Taalaibekov, Tagir"]
[Result "1-0"]
[WhiteElo "2071"]
[BlackElo "2291"]
[Annotator "NA"]
[PlyCount "137"]
[EventDate "2018.09.05"]
[EventType "swiss"]
[EventCountry "TUR"]
[SourceTitle "playchess.com"]
[Source "ChessBase"]
[SourceQuality "1"]
[TimeControl "40/5400+30:1800+30"]

1. e4 {[%emt 0:00:30]} c5 {[%emt 0:00:30]} 2. Nf3 {[%emt 0:00:00]} e6 {[%emt 0:00:00]} 3. d4 {[%emt 0:01:00]} cxd4 {[%emt 0:00:00]} 4. Nxd4 {[%emt 0:00:30]} a6 {[%emt 0:00:00]} 5. Nc3 {[%emt 0:00:00]} Qc7 {[%emt 0:00:00]} 6. g3 {[%emt 0:00:00]} b5 {[%emt 0:00:30]} 7. Bg2 {[%emt 0:00:30]} Bb7 {[%emt 0:00:30]} 8. O-O {[%emt 0:00:00]} d6 {[%emt 0:00:30]} 9. Re1 {[%emt 0:01:00]} Nf6 {[%emt 0:00:30]} 10. Nd5 {[%emt 0:03:30]} exd5 {[%emt 0:11:30]} 11. exd5+ {[%emt 0:00:30]} Kd8 {[%emt 0:00:30]} ({Avoid the trap} 11... Be7 $2 12. Nf5 $18) 12. Bg5 {[%emt 0:01:30] LiveBook: 3 Games} Nbd7 {[%emt 0:00:30] [#]} 13. Nc6+ $1 {[%emt 0:06:30] B43: Sicilian: Kan Variation: 5 Nc3} ({And not} 13. Qe2 Ne5 $11) 13... Bxc6 {[%emt 0:02:30]} 14. dxc6 {[%emt 0:00:30]} Nc5 {[%emt 0:00:30]} 15. a4 {[%emt 0:05:30]} ({And not} 15. Qe2 Be7 $11) 15... b4 {[%emt 0:06:30]} (15... bxa4 16. Be3 Ne6 17. Rxa4 Be7 18. b4 Qb8 19. c4 Kc7 20. Qe2 Re8 {1-0 (51) Perez Mitjans,O (2414)-Vasquez Schroder,R (2551) Barcelona 2014}) 16. Qd4 {[%emt 0:06:30]} Be7 {[%emt 0:02:30]} 17. Qxb4 $146 {[%emt 0:01:30]} ({Predecessor:} 17. Qc4) 17... Ne6 {[%emt 0:11:30]} 18. Be3 {[%emt 0:03:30]} Rb8 {[%emt 0:02:30]} 19. Qc3 {[%emt 0:03:30]} Ng4 {[%emt 0:08:30]} (19... d5 $5 {[%cal Re7b4]} 20. Red1 Ke8 $15) 20. Bd2 {[%emt 0:05:30]} h5 {[%emt 0:16:30]} 21. h3 {[%emt 0:06:30]} Nf6 {[%emt 0:01:30]} 22. b4 $16 {[%emt 0:01:30]} Ke8 {[%emt 0:11:30]} 23. Rab1 {[%emt 0:01:30]} Kf8 {[%emt 0:01:30]} 24. b5 {[%emt 0:01:30]} axb5 {[%emt 0:01:30]} 25. axb5 {[%emt 0:00:00]} d5 {[%emt 0:00:30]} 26. Be3 {[%emt 0:01:00]} Qd6 {[%emt 0:04:25]} 27. Ba7 {[%emt 0:00:30]} Rc8 {[%emt 0:00:31]} 28. Red1 {[%emt 0:02:30]} h4 {[%emt 0:01:36]} 29. Qe3 {[%emt 0:04:30]} hxg3 {[%emt 0:00:55]} 30. fxg3 {[%emt 0:00:30]} Rd8 {[%emt 0:09:37]} 31. c4 {[%emt 0:02:30]} d4 {[%emt 0:00:52]} 32. Qd3 {[%emt 0:00:00]} Ng5 {[%emt 0:02:22]} 33. h4 {[%emt 0:00:00]} Nge4 {[%emt 0:00:30]} 34. b6 {[%emt 0:06:30]} g6 {[%emt 0:02:55]} 35. c7 {[%emt 0:00:30]} Re8 {[%emt 0:00:27]} 36. b7 {[%emt 0:00:30]} Qxc7 {[%emt 0:01:11]} 37. b8=Q {[%emt 0:00:00]} Rxb8 {[%emt 0:00:04]} 38. Bxb8 {[%emt 0:00:00]} Qc6 {[%emt 0:00:20]} 39. Be5 {[%emt 0:01:30]} Qe6 {[%emt 0:00:23]} 40. Bxf6 {[%emt 0:00:00]} Nxf6 {[%emt 0:00:00]} 41. Rb8+ {[%emt 0:01:00]} Ne8 {[%emt 0:00:52]} 42. Qxd4 {[%emt 0:01:30]} Rh5 {[%emt 0:04:30]} 43. Qe4 {[%emt 0:06:30]} Bc5+ {[%emt 0:02:30]} 44. Kh2 {[%emt 0:00:30]} Re5 {[%emt 0:00:30]} 45. Qc6 {[%emt 0:00:30]} Qxc4 {[%emt 0:06:24]} 46. Rdd8 {[%emt 0:01:30]} Qe2 {[%emt 0:04:26]} 47. Rxe8+ {[%emt 0:00:30]} Rxe8 {[%emt 0:00:09]} 48. Qxc5+ {[%emt 0:00:30]} Kg8 {[%emt 0:00:00]} 49. Qb5 {[%emt 0:00:30]} Qxb5 {[%emt 0:01:23]} 50. Rxb5 {[%emt 0:00:00]} Re2 {[%emt 0:00:00]} 51. Rb7 {[%emt 0:00:00]} Kg7 {[%emt 0:00:05]} 52. Kg1 {[%emt 0:00:30]} Rd2 {[%emt 0:00:11]} 53. Bc6 {[%emt 0:01:30]} Rd8 {[%emt 0:00:45]} 54. Rd7 {[%emt 0:00:30]} Rf8 {[%emt 0:01:16]} 55. Bd5 {[%emt 0:00:00]} Kf6 {[%emt 0:00:00]} 56. Kg2 {[%emt 0:00:00]} g5 {[%emt 0:10:08]} 57. Rxf7+ {[%emt 0:00:30]} Rxf7 {[%emt 0:01:02]} 58. hxg5+ {[%emt 0:00:30]} Kg6 {[%emt 0:01:18]} 59. Bxf7+ {[%emt 0:00:30]} Kxf7 {[%emt 0:00:00]} 60. Kf3 {[%emt 0:00:00]} Kg6 {[%emt 0:00:09]} 61. Kg4 {[%emt 0:00:00]} Kg7 {[%emt 0:00:00]} 62. Kf5 {[%emt 0:00:00]} Kf7 {[%emt 0:00:15]} 63. g6+ {[%emt 0:00:00]} Kg7 {[%emt 0:00:11]} 64. Kg5 {[%emt 0:00:00]} Kg8 {[%emt 0:00:03]} 65. Kf6 {[%emt 0:00:00]} Kh8 {[%emt 0:01:05]} 66. g7+ {[%emt 0:00:00]} Kg8 {[%emt 0:00:09]} 67. g4 {[%emt 0:00:00]} Kh7 {[%emt 0:00:00]} 68. Kf7 {[%emt 0:00:30]} Kh6 {[%emt 0:00:08]} 69. g8=R {[%emt 0:00:00]} 1-0

[Event "World Junior U20 Open 2018"]
[Site "Gebze"]
[Date "2018.09.11"]
[Round "7.76"]
[White "Yaran, Siar"]
[Black "Zrikem, Nassim"]
[Result "0-1"]
[WhiteElo "2271"]
[BlackElo "2066"]
[Annotator "TA"]
[PlyCount "48"]
[EventDate "2018.09.05"]
[EventType "swiss"]
[EventCountry "TUR"]
[SourceTitle "playchess.com"]
[Source "ChessBase"]
[SourceQuality "1"]

{[%evp 10,48,-21,-49,-60,-60,97,36,101,42,41,26,68,75,72,45,52,44,50,0,32,20,37,-85,-81,-89,-95,-120,-92,-137,-28,-35,0,0,0,-458,-439,-393,-177,-29990,-29991]} 1. e4 e5 2. f4 exf4 3. Nf3 g5 4. h4 g4 5. Ne5 Nf6 6. Bc4 d5 {C39: King's Gambit Accepted: 3 Nf3 g5 4 h4} 7. exd5 {Threatens to win with Qe2.} Nxd5 $2 (7... Bd6 $15 {stays ahead.} 8. d4 Nh5) (7... Bd6 8. d4 Nh5 9. Nc3 Qe7 10. O-O Bxe5 11. Nb5 Nd7 12. dxe5 Qc5+ 13. Qd4 Qxd4+ 14. Nxd4 Nxe5 15. Bb5+ Bd7 16. Bxd7+ Nxd7 17. Bxf4 {1-0 (58) Berg,E (2553)-Grandelius,N (2623) Sunne 2015}) 8. Nc3 (8. Qe2 $16 Be7 9. Nc3) 8... c6 (8... Nxc3 $14 9. Bxf7+ (9. dxc3 Qxd1+ 10. Kxd1 Be6 $11) 9... Ke7 10. bxc3 Nc6 11. Nxc6+ bxc6) 9. Nxd5 (9. Qe2 $16 Be7 10. d4 (10. Nxg4 Be6 $14)) 9... cxd5 $14 10. Bb5+ Bd7 11. Nxd7 Nxd7 12. Qxg4 $146 ({Predecessor:} 12. d4 Qa5+ 13. c3 Qxb5 14. Qxg4 {0-1 (23) Gunchenko,M-Sharovskaya,O Nikolaev 2000}) 12... Qe7+ 13. Kd1 {And now Re1 would win.} O-O-O 14. Re1 Qd6 15. d4 Bh6 $1 16. Re5 {[#]} (16. a4 $14 {keeps the upper hand.}) 16... Rhg8 $1 $17 {[%cal Rg8g4,Bh8g8,Bg8g2,Bg2h2][%mdl 32]} 17. Qf5 Rxg2 18. Rxd5 Qe6 19. c3 Qxf5 (19... a6 $17 20. Bxd7+ Rxd7) 20. Rxf5 $11 a6 (20... Rdg8 $5 {[%cal Rg2h2]} 21. Ke1 (21. Bxf4 Bxf4 22. Rxf4 Rxb2 $17) (21. Rxf7 Rh2 $15) 21... Rh2 22. Bxf4 Bxf4 23. Rxf4 Rxb2 $11) 21. Bd3 Rdg8 $40 {[%mdl 128] Strongly threatening ...Rh2. Black has some attack.} 22. Rb1 $2 {[%mdl 8192] [#]} (22. Bxf4 $11 {and White is okay.} Bxf4 23. Rxf4) 22... Rh2 $1 $19 {( -> ...Rg1+)} 23. Bd2 Rg1+ (23... f3 $142 24. Rg5 Re8) 24. Be1 $2 (24. Kc2 $19 Rxb1 25. Kxb1 Rxd2 26. Bc4) 24... f3 {Precision: White = 30%, Black = 36%.} 0-1

[Event "World Junior U20 Open 2018"]
[Site "Gebze"]
[Date "2018.09.11"]
[Round "7.77"]
[White "Petkov, Momchil"]
[Black "Baylav, Can"]
[Result "1-0"]
[WhiteElo "2163"]
[BlackElo "2026"]
[Annotator "TA"]
[PlyCount "75"]
[EventDate "2018.09.05"]
[EventType "swiss"]
[EventCountry "TUR"]
[SourceTitle "playchess.com"]
[Source "ChessBase"]
[SourceQuality "1"]

{[%evp 12,75,-1,-8,-3,0,3,-16,-4,-12,-12,-41,-4,0,0,-56,-46,-38,-44,-36,-47,-41,-51,-55,0,0,0,0,0,0,7,0,59,0,-12,-25,72,-44,111,78,72,80,59,69,75,74,127,104,98,82,82,81,103,44,44,44,44,44,44,18,262,256,242,228,29987,29987]} 1. e4 {Eisenbeiser,A} c5 2. Nf3 d6 3. c4 e5 4. Nc3 Ne7 5. Be2 g6 6. O-O Bg7 7. d3 O-O {B50: Sicilian: 2...d6, Miscellaneous} 8. a3 Nbc6 9. b4 $146 ({Predecessor:} 9. Rb1 f5 10. b4 b6 11. b5 Na5 12. Ne1 Be6 13. Bd2 {1-0 (41) Eisenbeiser,A (2386)-Ikonnikov,V (2553) Vlissingen 2011 CBM 143 Extra [Eisenbeiser,A]}) 9... cxb4 {The position is equal.} 10. axb4 Nxb4 11. Ba3 Na6 12. Nb5 Nc5 13. d4 (13. Bxc5 $1 $11 dxc5 14. Rxa7 Rxa7 15. Nxa7) 13... exd4 $15 {Strongly threatening ...d3.} ({Much weaker is} 13... Nxe4 $6 14. dxe5 Bd7 15. Nxd6 $14) 14. e5 $1 {[%cal Re5d6]} b6 15. Nxd6 Nc6 16. Nxd4 Nxe5 17. Nb3 Nxb3 (17... Ned3 $15 18. Nxc8 Bxa1 19. Bxd3 Be5 20. Nxc5 (20. Bxc5 $2 bxc5 21. Bf5 gxf5 $19) 20... bxc5 21. Bxc5 Rxc8 22. Bxf8 Qxf8) 18. Qxb3 $11 Qh4 19. Rad1 Be6 20. f4 Nc6 21. Qe3 Rab8 ({Black should play} 21... Rad8 $11) 22. Kh1 (22. Bf3 $14 Na5 23. Bd5 Bxd5 24. cxd5) 22... Rfd8 23. Bf3 Ne7 {[#]} (23... Na5 $1 $11) 24. g3 (24. g4 $1 $16) 24... Qh6 $2 {[#]} (24... Qh3 $15 {keeps the upper hand.}) 25. Nxf7 $1 {[%mdl 512]} Bxf7 26. Qxe7 Re8 27. Qxa7 Bxc4 28. Rfe1 g5 (28... Qh3 $142) 29. Qd7 Qg6 30. Bd5+ Bxd5+ 31. Qxd5+ Kh8 32. f5 ({Better is} 32. fxg5 $16 b5 33. Bb4) 32... Qf6 $14 {Threatens to win with ...Rxe1+.} 33. Re6 Rxe6 34. fxe6 Bf8 $1 {[%cal Rf8a3]} 35. Bc1 $36 {[%mdl 2048] White has good play.} Be7 $2 (35... Re8 $11) 36. Be3 $18 {And now Bd4 would win.} Kg8 {Hoping for ...Rd8.} 37. Bd4 Qg6 $2 (37... Qf8 $18) 38. Qe5 {Precision: White = 52%, Black = 39%.} 1-0

[Event "World Junior U20 Open 2018"]
[Site "Gebze"]
[Date "2018.09.11"]
[Round "7.78"]
[White "Piyumantha, M Sasith Nipun"]
[Black "Dionizio, Andre Filipe Nascim"]
[Result "1/2-1/2"]
[WhiteElo "2139"]
[BlackElo "2010"]
[Annotator "NA"]
[PlyCount "112"]
[EventDate "2018.09.05"]
[EventType "swiss"]
[EventCountry "TUR"]
[SourceTitle "playchess.com"]
[Source "ChessBase"]
[SourceQuality "1"]
[TimeControl "40/5400+30:1800+30"]

1. d4 {[%emt 0:00:30]} d5 {[%emt 0:02:30]} 2. c4 {[%emt 0:00:30]} e6 {[%emt 0:00:30]} 3. Nf3 {[%emt 0:00:00]} Nf6 {[%emt 0:00:30]} 4. g3 {[%emt 0:00:00]} Bb4+ {[%emt 0:00:30]} 5. Bd2 {[%emt 0:00:00]} a5 {[%emt 0:00:00]} 6. Qc2 {[%emt 0:00:00]} O-O {[%emt 0:02:00]} 7. Bg2 {[%emt 0:00:30]} Nbd7 {[%emt 0:07:30] E11: Damenindisch (Bogoljubow-Variante)} 8. O-O {[%emt 0:00:30]} Bxd2 {[%emt 0:01:30]} 9. Nbxd2 {[%emt 0:00:30]} c6 {[%emt 0:00:30]} 10. e4 {[%emt 0:00:00]} dxe4 {[%emt 0:04:30]} 11. Nxe4 {[%emt 0:01:00]} Nxe4 {[%emt 0:03:30]} 12. Qxe4 {[%emt 0:00:30]} c5 {[%emt 0:02:30]} 13. Rfd1 {[%emt 0:05:30]} Qb6 {[%emt 0:06:30] [#]} 14. Qc2 $146 {[%emt 0:15:30]} ({Vorgänger:} 14. Rd2 cxd4 15. Ng5 Nf6 16. Qxd4 Qxd4 17. Rxd4 {1-0 (57) Damljanovic,B (2607)-Lajthajm,B (2496) Tivat 2011}) 14... cxd4 {[%emt 0:05:30]} 15. Rxd4 {[%emt 0:00:30]} Qc7 {[%emt 0:02:30]} 16. Rad1 {[%emt 0:02:30]} Rb8 {[%emt 0:03:30]} 17. Rd6 {[%emt 0:07:30]} b6 {[%emt 0:14:30]} 18. Rc6 {[%emt 0:20:30]} Qa7 $1 {[%emt 0:01:30]} ({Reject} 18... Qxc6 $6 19. Ng5 $16) 19. Rcd6 {[%emt 0:02:30]} Qc7 {[%emt 0:05:30]} 20. Rc6 {[%emt 0:03:30]} Qa7 {[%emt 0:00:00]} 21. b3 {[%emt 0:00:00]} Nf6 {[%emt 0:10:00]} 22. Nd4 {[%emt 0:00:00]} Bb7 {[%emt 0:00:30]} 23. Rc7 {[%emt 0:00:30]} Qa6 {[%emt 0:03:30]} 24. Nb5 {[%emt 0:01:30]} Bxg2 {[%emt 0:00:00]} 25. Kxg2 {[%emt 0:00:00]} Qa8+ {[%emt 0:01:00]} 26. f3 {[%emt 0:01:00]} Rbd8 {[%emt 0:01:30]} 27. Re1 {[%emt 0:02:30]} Ne8 {[%emt 0:01:51]} 28. Ra7 {[%emt 0:00:30]} Qb8 {[%emt 0:00:56]} 29. Re2 {[%emt 0:04:30]} Nd6 {[%emt 0:01:39]} 30. Rc7 {[%emt 0:00:00]} Nxb5 {[%emt 0:05:59]} 31. cxb5 {[%emt 0:00:00]} Rd5 {[%emt 0:00:00]} 32. a4 {[%emt 0:00:30]} Rfd8 {[%emt 0:00:00]} 33. Qc3 {[%emt 0:00:30]} Rd3 {[%emt 0:01:37]} 34. Qc6 {[%emt 0:01:30]} R3d6 {[%emt 0:03:36]} 35. Qc1 {[%emt 0:06:30]} Rd1 {[%emt 0:02:37]} 36. Qf4 $11 {[%emt 0:00:30]} Rf8 $1 {[%emt 0:00:01]} 37. Rxf7 {[%emt 0:05:30]} Qxf4 {[%emt 0:00:30]} 38. Rxf4 {[%emt 0:00:30]} Rxf4 {[%emt 0:00:09]} 39. gxf4 {[%emt 0:00:30]} Kf7 {[%emt 0:00:00]} 40. Re3 {[%emt 0:00:00]} Rb1 {[%emt 0:01:52]} 41. Rc3 {[%emt 0:00:00]} Kf6 {[%emt 0:00:43]} 42. Kf2 {[%emt 0:00:00]} Kf5 {[%emt 0:02:30]} 43. Rc7 {[%emt 0:02:00]} Kf6 {[%emt 0:01:30]} 44. f5 {[%emt 0:00:30]} Kxf5 {[%emt 0:01:30]} 45. Rxg7 {[%emt 0:00:00]} h6 {[%emt 0:04:30]} 46. Rf7+ {[%emt 0:02:00]} Ke5 {[%emt 0:00:30]} 47. f4+ {[%emt 0:00:30]} Ke4 {[%emt 0:07:30]} 48. Rb7 {[%emt 0:02:30]} Rb2+ {[%emt 0:02:54]} 49. Ke1 {[%emt 0:00:00]} Rxb3 {[%emt 0:00:30]} 50. Rxb6 {[%emt 0:00:00]} Rb4 {[%emt 0:00:50]} 51. Rxe6+ {[%emt 0:00:30]} Kxf4 {[%emt 0:00:30]} 52. Rxh6 {[%emt 0:00:30]} Kg5 {[%emt 0:00:00]} 53. Ra6 {[%emt 0:00:00]} Rxa4 {[%emt 0:00:16]} 54. b6 {[%emt 0:00:00]} Kh4 {[%emt 0:00:30]} 55. Kf2 {[%emt 0:00:30]} Rb4 {[%emt 0:00:30]} 56. Rxa5 {[%emt 0:00:30]} Rxb6 {[%emt 0:00:30]} 1/2-1/2

[Event "World Junior U20 Open 2018"]
[Site "Gebze"]
[Date "2018.09.11"]
[Round "7.79"]
[White "Helander, Benjamin"]
[Black "Karaoglan, Doruk"]
[Result "0-1"]
[WhiteElo "1994"]
[BlackElo "2196"]
[Annotator "TA"]
[PlyCount "94"]
[EventDate "2018.09.05"]
[EventType "swiss"]
[EventCountry "TUR"]
[SourceTitle "playchess.com"]
[Source "ChessBase"]
[SourceQuality "1"]

{[%evp 23,94,15,60,52,79,37,46,52,65,60,89,54,108,47,60,0,9,0,4,0,18,0,0,0,0,0,0,0,21,29,41,22,30,34,133,136,129,124,162,135,154,156,125,138,162,157,156,156,221,0,0,0,208,206,183,109,145,0,0,0,0,0,224,180,228,0,0,0,0,-29986,-29987,-29987,-29988]} 1. d4 Nf6 2. c4 g6 3. Nc3 Bg7 4. g3 O-O 5. Bg2 d6 6. Nf3 Nc6 7. O-O a6 8. b3 Rb8 9. Bb2 b5 10. cxb5 axb5 11. Rc1 b4 12. Na4 Na7 13. Ne1 {[%cal Bf3e1,Be1d3,Bd3f4][%mdl 32] [#] E63: King's Indian: Fianchetto: Panno Variation with 7...a6} (13. d5 e5 14. dxe6 fxe6 15. Qc2 c5 16. Rfd1 Qe7 17. Rxd6 Bb7 18. Rdd1 Rbc8 19. Ne5 Bxg2 20. Kxg2 Nb5 {1-0 (73) Aronian,L (2801)-Nakamura,H (2741) Moscow 2010}) 13... Bh6 $146 ({Predecessor:} 13... Bb7 14. Qd2 Bxg2 15. Nxg2 Qd7 16. Rc4 Rb5 17. f3 Rfb8 18. Rc2 c6 19. e3 Bh6 20. Bc1 Qb7 {0-1 (35) Fernandes,A (2369)-Nunn,J (2601) Eretria 2015}) 14. e3 Ba6 15. Nd3 {White is slightly better.} Qd7 16. Re1 Qf5 17. Nf4 c6 (17... Qa5 $1 $14) 18. e4 ({White should play} 18. d5 $1 $16 {[%cal Rd5c6]} c5 19. Bh3) 18... Qa5 $14 19. e5 (19. d5 $14 cxd5 20. exd5) 19... Nd5 $11 20. Nxd5 cxd5 21. f4 dxe5 22. dxe5 e6 23. Nc5 Bb5 24. Qd2 {Black must now prevent a4.} Rfc8 25. a4 Be8 26. Nd3 {[%cal Bc5d3,Bd3f2,Bf2g4,Bg4f6][%mdl 32]} Nc6 27. Nf2 Qa7 28. Kh1 {aiming for Ng4.} Qe7 (28... Na5 $14 29. Rxc8 Rxc8) 29. Ng4 $16 Bg7 30. Nf6+ Bxf6 31. exf6 Qf8 32. g4 Na5 33. Qe3 $1 Bd7 34. f5 Rxc1 35. Rxc1 {Threatens to win with Rc5.} ({Much less strong is} 35. Bxc1 $6 Rc8 $14) 35... Rc8 (35... exf5 $16 {was necessary.} 36. Bxd5 fxg4) 36. h3 $2 (36. Rxc8 $18 Bxc8 37. Bd4) 36... Rxc1+ $11 37. Bxc1 Qc8 $2 (37... exf5 $11 38. Bd2 (38. Bxd5 Qd6 $11) 38... fxg4) 38. Bd2 $18 Nc6 39. Bf1 (39. fxe6 $18 fxe6 40. Qf2) 39... Qd8 40. Qg5 $40 {[%mdl 128] White is up to no good.} ({Better is} 40. fxg6 $1 $16 {White wants to mate with Qh6.} hxg6 41. Qg5) 40... exf5 $11 41. Bb5 Qe8 42. Qf4 Qe4+ $2 (42... fxg4 $11 {and Black stays safe.} 43. hxg4 Qe6) 43. Qxe4 $18 fxe4 {[#]} 44. Bxc6 $2 (44. a5 $1 $18 {[%mdl 512]}) 44... Bxc6 $11 45. Bxb4 d4 {[%cal Bd5d4,Bd4d3,Bd3d2][%mdl 32]} 46. Bc5 $2 {[%mdl 8192]} (46. Kh2 $11) 46... d3 47. Be3 d2 $1 {Precision: White = 43%, Black = 50%.} 0-1

[Event "World Junior U20 Open 2018"]
[Site "Gebze"]
[Date "2018.09.11"]
[Round "7.80"]
[White "Nurgaliyev, Sauat"]
[Black "Tuna, Alp"]
[Result "1/2-1/2"]
[WhiteElo "1685"]
[BlackElo "2253"]
[Annotator "NA"]
[PlyCount "89"]
[EventDate "2018.09.05"]
[EventType "swiss"]
[EventCountry "TUR"]
[SourceTitle "playchess.com"]
[Source "ChessBase"]
[SourceQuality "1"]
[TimeControl "40/5400+30:1800+30"]

1. e4 {[%emt 0:00:30]} c5 {[%emt 0:00:30]} 2. Nf3 {[%emt 0:00:00]} d6 {[%emt 0:00:30]} 3. d4 {[%emt 0:00:00]} cxd4 {[%emt 0:00:30]} 4. Nxd4 {[%emt 0:00:30]} Nf6 {[%emt 0:00:30]} 5. Nc3 {[%emt 0:00:30]} a6 {[%emt 0:00:30]} 6. f3 {[%emt 0:00:00]} e5 {[%emt 0:01:00]} 7. Nb3 {[%emt 0:00:30]} Be6 {[%emt 0:00:30]} 8. Be3 {[%emt 0:00:30]} Nbd7 {[%emt 0:01:30]} 9. Qd2 {[%emt 0:01:30]} Rc8 {[%emt 0:03:30]} 10. O-O-O {[%emt 0:00:30] B90: Sicilian Najdorf: Unusual White 6th moves, 6 Be3 Ng4 and 6 Be3 e5} Be7 {[%emt 0:02:30]} 11. g4 {[%emt 0:01:30]} Nb6 {[%emt 0:24:30] LiveBook: 52 Games} 12. Na5 {[%emt 0:07:30]} (12. h4 O-O 13. Kb1 Nc4 14. Bxc4 Rxc4 15. h5 h6 16. g5 hxg5 17. Bxg5 Kh7 18. Qd3 Qc8 {1-0 (35) Ponomariov,R (2692)-Naiditsch,A (2710) Linares 2017}) 12... Qc7 {[%emt 0:02:30]} 13. Kb1 {[%emt 0:14:30]} O-O {[%emt 0:07:30]} 14. h4 {[%emt 0:03:30] [#]} (14. g5 $14 Nfd7 15. Nb3) 14... Rfd8 $146 {[%emt 0:20:30]} ({Predecessor:} 14... d5 $1 $15 15. Bxb6 Qxb6 16. g5 Qxa5 17. Nxd5 Qd8 18. gxf6 Bxf6 {0-1 (68) Brikov,I (2427)-Amonatov,F (2557) Tula 2004}) 15. Qf2 {[%emt 0:12:30]} Na8 {[%emt 0:05:30]} 16. Nb3 {[%emt 0:01:30]} d5 {[%emt 0:05:30]} 17. exd5 {[%emt 0:05:30]} Nxd5 {[%emt 0:00:30]} 18. Nxd5 {[%emt 0:00:30]} Bxd5 {[%emt 0:00:30]} 19. Bd3 {[%emt 0:05:30]} b5 {[%emt 0:02:30]} 20. h5 {[%emt 1:05:00]} Bc4 {[%emt 1:31:52]} 21. Bf5 {[%emt 0:00:30]} Rxd1+ {[%emt 0:00:30]} 22. Rxd1 {[%emt 0:00:30]} Rd8 {[%emt 0:00:30]} 23. Rh1 {[%emt 0:00:30]} Rd6 {[%emt 0:00:30]} 24. g5 {[%emt 0:04:30]} Qd8 {[%emt 0:01:34]} 25. Qg2 {[%emt 0:05:30]} ({White should play} 25. Qg3 $16) 25... Rd1+ {[%emt 0:01:43]} 26. Rxd1 {[%emt 0:01:30]} Qxd1+ {[%emt 0:00:02]} 27. Nc1 {[%emt 0:01:30]} g6 {[%emt 0:00:51]} 28. Be4 {[%emt 0:04:30]} Nc7 {[%emt 0:00:32]} 29. hxg6 {[%emt 0:05:42]} hxg6 {[%emt 0:00:06]} 30. Qh2 {[%emt 0:02:43]} Qd6 $11 {[%emt 0:02:31]} 31. f4 {[%emt 0:00:47]} Ne6 {[%emt 0:01:13]} 32. fxe5 {[%emt 0:02:47]} Qd8 {[%emt 0:00:03]} 33. b3 {[%emt 0:04:39]} Bd5 {[%emt 0:00:04]} 34. Bxd5 {[%emt 0:01:19]} Qxd5 {[%emt 0:00:05]} 35. Nd3 {[%emt 0:00:09]} Bxg5 {[%emt 0:00:53]} 36. Bxg5 {[%emt 0:01:35]} Nxg5 {[%emt 0:00:04]} 37. Qd2 {[%emt 0:00:25]} Ne4 {[%emt 0:02:52]} 38. Qa5 {[%emt 0:00:31]} Nc5 {[%emt 0:02:22]} 39. Nxc5 {[%emt 0:01:23]} Qxc5 {[%emt 0:00:05]} 40. Qd8+ {[%emt 0:00:00]} Kg7 {[%emt 0:00:00]} 41. Qf6+ {[%emt 0:01:30]} Kh6 {[%emt 0:03:08]} 42. Qh4+ {[%emt 0:01:30]} Kg7 {[%emt 0:00:30]} 43. Qf6+ {[%emt 0:00:30]} Kh6 {[%emt 0:00:00]} 44. Qh4+ {[%emt 0:01:30]} Kg7 {[%emt 0:00:00]} 45. Qf6+ {[%emt 0:00:00]} 1/2-1/2